00661nam a2200229Ia 4500003000400000005001700004008004100021020001500062040001800077041000800095082002000103100001800123245009700141250001200238260004200250300002900292650003500321650002000356650002200376650001600398650001700414OSt20250221143645.0210716s2006 xx 000 0 und d a8177223968 cAIMIT LIBRARY aeng a005.7401 bWELA aWells, April. aOracle 10g: bDatabase administration (covers 9i & 10g) little black book /cBy April Wells. a1st ed. aNew Delhi :bDreamtech Press ,c2006. axv,344 p.;bPBc24.5 cm. aSaving it and bringing it back aDatabase tuning aHigh availability aOther stuff aWill it work